Microbial transformaton of diosgenin and progesterone for the production of some steroidal drug hormones / (رقم التسجيلة. 3228)

تفاصيل مارك
000 -LEADER
fixed length control field 014950000a22003370004500
003 - CONTROL NUMBER IDENTIFIER
control field EG-GICUC
005 - DATE AND TIME OF LATEST TRANSACTION
control field 20250223025002.0
008 - FIXED-LENGTH DATA ELEMENTS--GENERAL INFORMATION
fixed length control field 070816s2007 ua f m 000 0 eng d
040 ## - CATALOGING SOURCE
Original cataloging agency EG-GICUC
Language of cataloging eng
Transcribing agency EG-GICUC
041 0# - LANGUAGE CODE
Language code of text/sound track or separate title Eng
049 ## - LOCAL HOLDINGS (OCLC)
Holding library Deposite
097 ## - Thesis Degree
Thesis Level M.Sc
099 ## - LOCAL FREE-TEXT CALL NUMBER (OCLC)
Classification number Cai01.12.05.M.Sc.2007.Ra.M
100 0# - MAIN ENTRY--PERSONAL NAME
Personal name Rania Anwar Zaki
245 10 - TITLE STATEMENT
Title Microbial transformaton of diosgenin and progesterone for the production of some steroidal drug hormones /
Statement of responsibility, etc. Rania Anwar Zaki ; Supervised Abdelaziz Mahmoud Salama , Nadia Naim Ahmed
246 15 - VARYING FORM OF TITLE
Title proper/short title التحويل الميكروبى للدايوزجينين والبروجستيرون لانتاج بعض الهرمونات الدوائية الاستيرويدية
260 ## - PUBLICATION, DISTRIBUTION, ETC.
Place of publication, distribution, etc. Cairo :
Name of publisher, distributor, etc. Rania Anwar Zaki ,
Date of publication, distribution, etc. 2007
300 ## - PHYSICAL DESCRIPTION
Extent 170leaves ;
Dimensions 30cm
502 ## - DISSERTATION NOTE
Dissertation note Thesis (M.Sc.) - Cairo University - Faculty Of Science - Department Of Botany (Microbiology)
520 ## - SUMMARY, ETC.
Summary, etc. The immobilization of the fungus cells by entrapment in calcium alginate gel was with higher bioconversion efficiency than agarose.it was found that calcium alginate at aconcentration of 2 hunderd percent
530 ## - ADDITIONAL PHYSICAL FORM AVAILABLE NOTE
Additional physical form available note Issued also as CD
653 #4 - INDEX TERM--UNCONTROLLED
Uncontrolled term Calcium alginate
653 #4 - INDEX TERM--UNCONTROLLED
Uncontrolled term diosgenin
653 #4 - INDEX TERM--UNCONTROLLED
Uncontrolled term progesterone
700 0# - ADDED ENTRY--PERSONAL NAME
Personal name Abdelaziz Mahmoud Salama ,
Relator term
700 0# - ADDED ENTRY--PERSONAL NAME
Personal name Nadia Naim Ahmed ,
Relator term
856 ## - ELECTRONIC LOCATION AND ACCESS
Uniform Resource Identifier <a href="http://172.23.153.220/th.pdf">http://172.23.153.220/th.pdf</a>
905 ## - LOCAL DATA ELEMENT E, LDE (RLIN)
Cataloger Amira
Reviser Cataloger
905 ## - LOCAL DATA ELEMENT E, LDE (RLIN)
Cataloger Esam
Reviser Revisor
942 ## - ADDED ENTRY ELEMENTS (KOHA)
Source of classification or shelving scheme Dewey Decimal Classification
Koha item type Thesis
المقتنيات
Source of classification or shelving scheme Not for loan Home library Current library Date acquired Full call number Barcode Date last seen Koha item type Copy number
Dewey Decimal Classification   المكتبة المركزبة الجديدة - جامعة القاهرة قاعة الرسائل الجامعية - الدور الاول 11.02.2024 Cai01.12.05.M.Sc.2007.Ra.M 01010110047488000 22.09.2023 Thesis  
Dewey Decimal Classification   المكتبة المركزبة الجديدة - جامعة القاهرة مخـــزن الرســائل الجـــامعية - البدروم 11.02.2024 Cai01.12.05.M.Sc.2007.Ra.M 01020110047488000 22.09.2023 CD - Rom 47488.CD
Cairo University Libraries Portal Implemented & Customized by: Eng. M. Mohamady Contacts: new-lib@cl.cu.edu.eg | cnul@cl.cu.edu.eg
CUCL logo CNUL logo
© All rights reserved — Cairo University Libraries
CUCL logo
Implemented & Customized by: Eng. M. Mohamady Contact: new-lib@cl.cu.edu.eg © All rights reserved — New Central Library
CNUL logo
Implemented & Customized by: Eng. M. Mohamady Contact: cnul@cl.cu.edu.eg © All rights reserved — Cairo National University Library